KOHA-Header-6

Public Finance (Record no. 9970)

000 -LEADER
fixed length control field 00256nam a2200109Ia 4500
100 ## - MAIN ENTRY--AUTHOR NAME
Personal name Harvey S.Rosen
245 #0 - TITLE STATEMENT
Title Public Finance
260 ## - PUBLICATION, DISTRIBUTION, ETC. (IMPRINT)
Place of publication New delhi
Name of publisher McGraw Hill
Year of publication 2005
300 ## - PHYSICAL DESCRIPTION
Number of Pages 842
942 ## - ADDED ENTRY ELEMENTS (KOHA)
Koha item type Books
Holdings
Withdrawn status Lost status Collection code Permanent Location Current Location Shelving location Date acquired Full call number Accession Number Koha item type
    Finance MAJU MAJU Shelf No.A44 2019-09-14 330.2 6031 Finance

Powered by Koha